000 00591nam a2200193Ia 4500
005 20250507130150.0
008 008 250505s9999 xx 000 0 eng d
037 _aDIS
040 _aEASL
_beng
_cEASL
041 _aeng
_2eng
084 _a0000164
_qEASL
100 _aRoopa K. H.
_9670588
245 0 _aStudy on contrastive analysis of Korean and Hindi tenses Prof. Kim Do Yound
260 _aIndia
_bUnivesity of Delhi. Social Sciences. East Asian Studies (Delhi India)
_c2012
300 _a155p.
650 _aKEL
942 _cDIS
_h0000164
999 _c1318052
_d1318052